Yoga education (Record no. 396221)

MARC details
000 -LEADER
fixed length control field 00541 a2200205 4500
005 - DATE & TIME
control field 20260225095047.0
008 - FIXED-LENGTH DATA ELEMENTS--GENERAL INFORMATION
fixed length control field 260224b |||||||| |||| 00| 0 eng d
020 ## - ISBN
International Standard Book Number 9789387363939
Price Rs. 1000.00
040 ## - CATALOGING SOURCE
Original cataloging agency VIVEKANANDA LIBRARY
082 ## - DDC NUMBER
Classification number 796.076137046
Book Number B469Y
100 ## - MAIN ENTRY--PERSONAL NAME
Personal name Bhargava, Guneet Monga
245 ## - TITLE STATEMENT
Title Yoga education
260 ## - PUBLICATION, DISTRIBUTION, ETC. (IMPRINT)
Name of publisher, distributor, etc Sports Publication
Date of publication, distribution, etc 2026
Place of publication, distribution, etc New Delhi
300 ## - PHYSICAL DESCRIPTION
Pages 312
500 ## - GENERAL NOTE
General note B.P.Ed. new syllabus
650 ## - Subject
Subject Yoga
650 ## - Subject
Subject Health Education
650 ## - Subject
Subject Physical Education and Sports
942 ## - ADDED ENTRY ELEMENTS (KOHA)
Koha item type Books
Holdings
Withdrawn status Lost status Source of classification or shelving scheme Damaged status Not for loan Location (home branch) Sublocation or collection (holding branch) Shelving location Date acquired Koha issues (times borrowed) Koha full call number Accession No. Koha date last seen Koha item type
    Dewey Decimal Classification     VIVEKANANDA LIBRARY VIVEKANANDA LIBRARY Vivekananda Library 02/02/2026   796.076137046 B469Y 444981 02/02/2026 Books
    Dewey Decimal Classification     VIVEKANANDA LIBRARY VIVEKANANDA LIBRARY Vivekananda Library 02/02/2026   796.076137046 B469Y 444980 02/02/2026 Books
© Designed and Maintained by Vivekananda Library, MDU Rohtak